000 00661nam a2200229Ia 4500
003 OSt
005 20220928103117.0
006 a|||||r|||| 00| 0
007 ta
008 220927b |||||||| |||| 00| 0 eng d
024 _a59136
037 _cTextual
040 _aSDCL
_cSDCL
_beng
041 _2eng
_aeng
082 _aYX.3'N7, L6
100 _aThomas David N
_9402315
245 0 _aOrganising for social change
_b A study in the theory and practice of community work.
260 _aLondon
_bGeorge Allen and Unwin
_c1976
300 _a199p.
_ccm.
942 _hYX.3'N7, L6
_cTEXL
_2CC
999 _c718160
_d718160